Genética moderna (Registro nro. 51337)

Detalles MARC
000 -ENCABEZADO
Número de control [NR] 00926nam a2200277Ia 4500
005 - FECHA Y HORA DE LA ÚLTIMA TRANSACCIÓN
control field 20180312122218.0
008 - DE LONGITUD FIJA DE DATOS DE ELEMENTOS - INFORMACIÓN GENERAL
Elementos de longitud fija [NR] 130821s2000 sp a gr spa
020 ## - NUMERO INTERNACIONAL NORMALIZADO PARA LIBROS [R]
Número Internacional Normalizado del libro [NR] 8448198026
040 ## - FUENTE DE CATALOGACION [NR]
Agencia de catalogación original [NR] Co-BoUCM
Idioma de catalogación [NR] spa
041 00 - CODIGO DE IDIOMA [R]
Código de idioma para texto/pista de sonido o título separado [R] Español
060 ## - SIGNATURA TOPOGRAFICA DE LA BIBLIOTECA NACIONAL DE MEDICINA (NLM) [R]
Número clasificador [R] QH 436
-- 5
245 10 - MENCION DE TITULO [NR]
Título [NR] Genética moderna
Mención de responsabilidad, etc. [NR] Anthony J. F. Griffiths ... [et al.] ; traducción Francisco J. Murillo Araujo ... [et al.]
260 ## - PUBLICACION, DISTRIBUCION, ETC. (PIE DE IMPRENTA) [R]
Lugar de publicación, distribución, etc. [R] Madrid (España)
Nombre del editor, distribuidor, etc. [R] McGraw-Hill Interamericana
Fecha de publicación, distribución, etc. [R] 2000
300 ## - DESCRIPCION FISICA [R]
Extensión [R] xix, 676 páginas
Otros detalles físicos [NR] ilustraciones
650 04 - ASIENTO SECUNDARIO DE MATERIA - TERMINO TEMATICO [R]
Término temático o nombre geográfico como elemento de entrada [NR] Genes
9 (RLIN) 16307
650 04 - ASIENTO SECUNDARIO DE MATERIA - TERMINO TEMATICO [R]
Término temático o nombre geográfico como elemento de entrada [NR] Genética humana
9 (RLIN) 16317
650 04 - ASIENTO SECUNDARIO DE MATERIA - TERMINO TEMATICO [R]
Término temático o nombre geográfico como elemento de entrada [NR] Genética médica
9 (RLIN) 16318
650 04 - ASIENTO SECUNDARIO DE MATERIA - TERMINO TEMATICO [R]
Término temático o nombre geográfico como elemento de entrada [NR] Genética
9 (RLIN) 207
700 1# - ASIENTO SECUNDARIO - NOMBRE PERSONAL [R]
Nombre personal [NR] Gelbart, William M.
700 1# - ASIENTO SECUNDARIO - NOMBRE PERSONAL [R]
Nombre personal [NR] Griffiths, Anthony J. F.
700 1# - ASIENTO SECUNDARIO - NOMBRE PERSONAL [R]
Nombre personal [NR] Lewontin, Richard C.
700 1# - ASIENTO SECUNDARIO - NOMBRE PERSONAL [R]
Nombre personal [NR] Miller, Jeffrey H.
700 1# - ASIENTO SECUNDARIO - NOMBRE PERSONAL [R]
Nombre personal [NR] Murillo Araujo, Francisco J.
Término de relación [R]
765 ## - ASIENTO DE IDIOMA ORIGINAL [R]
Asiento principal [NR] Modern genetic analysis.
942 ## - ELEMENTOS DE ENTRADA AGREGADOS (KOHA)
Tipo de ítem principal el descrito en 300a Libro
Tema principal Ciencias de la salud
Edición 1
Parte restante de la signatura top. G855g
Sistema de clasificación NLM
Clasificación QH 436
Título oculto en OPAC No
Existencias
Fecha de último préstamo Total préstamos Total Renewals Signatura topográfica Código de barras Última vez visto Ejemplar Price effective from Tipo de ítem Perdido Sistema de clasificación Dañado No prestable Tipo de ítem específico Suprimido Ubicación habitual Ubicación actual Localización Fecha de creación Forma de adquisición Costo
30/09/2017 112 5 QH 436 G855g 200013741 10/12/2025 Ej.2 03/02/2013 Libro   NLM     Libro   Quinta de Mutis Quinta de Mutis 1er piso 30/09/2007 Compra 169000.00
22/01/2018 61 3 QH 436 G855g 200013740 10/12/2025 Ej.1 03/02/2013 Libro   NLM     Libro   Quinta de Mutis Quinta de Mutis 1er piso 30/09/2007 Compra 169000.00
02/08/2022 141 7 QH 436 G855g 200013746 10/12/2025 Ej.3 03/02/2013 Libro   NLM     Libro   Quinta de Mutis Quinta de Mutis 1er piso 30/09/2007 Compra 169000.00